Valeria del mar /

Guardado en:
Autor Principal: Merrien, Jean
Formato: Libro
Publicado: Barcelona : Planeta, 1963
Materias:
Etiquetas: Agregar Etiqueta
Sin Etiquetas, Sea el primero en etiquetar este registro!
LEADER 00462nam a22001815a 4500
001 CEM.cems004379
005 20060216000000.0
008 130507s1963##################000#0#####d
003 CEMS
082 0 4 |a 843.9 
100 1 |a Merrien, Jean 
245 1 0 |a Valeria del mar / 
260 |a Barcelona :  |b Planeta,  |c 1963 
300 |a 348 p. 
653 |a Literatura 
653 |a Novela francesa 
653 |a Novelas 
859 |a CEMS  |b BIB. CEMS - 11 de abril  |h 843.9  |i M551  |p 4674.75  |t Ej.1